Introducción a los sistemas de bases de datos

Kaydedildi:
Detaylı Bibliyografya
Yazar: Date, C. J (Yazar)
Materyal Türü: Kitap
Dil:İspanyolca
Baskı/Yayın Bilgisi: Cuernavaca Pearson Educación 2001
Edisyon:7a. ed
Konular:
Etiketler: Etiketle
Etiket eklenmemiş, İlk siz ekleyin!

MARC

LEADER 00000cam a2200000 a 4500
001 UCF8194
003 CL-VaPUC
008 130802e20010000mx |||||||||||||||||spa|d
020 |a 9684444192 
082 0 4 |a 005.74  |b DAT  |2 21 
100 0 |a Date, C. J  |e author  |9 570283 
245 1 0 |a Introducción a los sistemas de bases de datos 
250 |a 7a. ed 
300 |a 936 p 
942 |c BK 
945 |d 20130802 12:08:00  |a dcastane 
260 |a Cuernavaca  |b Pearson Educación  |c 2001 
650 0 |a Bases de datos   |9 260577 
650 0 |a Administración de bases de datos   |9 260338 
583 |a last modification  |c 20130802 12:08:00  |k Rodrigo Vera 
999 |c 352829  |d 352827 
952 |0 0  |1 0  |4 0  |6 005_740000000000000_DAT_2001  |7 0  |8 A  |9 457524  |a BIBING  |b BIBING  |d 2019-11-22  |i 4993373  |o 005.74 DAT 2001  |p 4993373  |r 2025-01-20  |w 2019-11-22  |y BK  |k CCI 
952 |0 0  |1 0  |4 0  |6 005_740000000000000_DAT_2001  |7 0  |8 A  |9 457525  |a BIBING  |b BIBING  |d 2019-11-22  |i 4993381  |o 005.74 DAT 2001  |p 4993381  |r 2025-01-20  |w 2019-11-22  |y BK  |k CCI 
952 |0 0  |1 0  |4 0  |6 005_740000000000000_DAT_2001  |7 0  |8 A  |9 457526  |a BIBING  |b BIBING  |d 2019-11-22  |i 499339K  |o 005.74 DAT 2001  |p 499339K  |r 2025-01-20  |w 2019-11-22  |y BK  |k CCI 
952 |0 0  |1 0  |4 0  |6 005_740000000000000_DAT_2001  |7 0  |8 A  |9 457527  |a BIBING  |b BIBING  |d 2019-11-22  |i 4993403  |o 005.74 DAT 2001  |p 4993403  |r 2025-01-20  |w 2019-11-22  |y BK  |k CCI 
952 |0 0  |1 0  |4 0  |6 005_740000000000000_DAT_2001  |7 0  |8 A  |9 457528  |a BIBING  |b BIBING  |d 2019-11-22  |i 4993411  |o 005.74 DAT 2001  |p 4993411  |r 2025-01-20  |w 2019-11-22  |y BK  |k CCI 
952 |0 0  |1 0  |4 0  |6 005_740000000000000_DAT_2001  |7 0  |8 A  |9 457529  |a BIBING  |b BIBING  |d 2019-11-22  |i 499342K  |o 005.74 DAT 2001  |p 499342K  |r 2025-01-20  |w 2019-11-22  |y BK  |k CCI 
952 |0 0  |1 0  |4 0  |6 005_740000000000000_DAT_2001  |7 0  |8 A  |9 457530  |a BIBING  |b BIBING  |d 2019-11-22  |i 4993438  |o 005.74 DAT 2001  |p 4993438  |r 2025-01-20  |w 2019-11-22  |y BK  |k CCI 
952 |0 0  |1 0  |4 0  |6 005_740000000000000_DAT_2001  |7 0  |8 A  |9 457531  |a BIBING  |b BIBING  |d 2019-11-22  |i 4993446  |o 005.74 DAT 2001  |p 4993446  |r 2025-01-20  |w 2019-11-22  |y BK  |k CCI